Factores de poder en la evolución política del campesinado hondureño /

Saved in:
Bibliographic Details
Main Author: Morris, James A.
Corporate Author: CSUCA. Programa Centroamericano de Ciencias Sociales
Other Authors: Sánchez Soler, Marta
Format: Text
Published: San José
Tags: Add Tag
No Tags, Be the first to tag this record!

MARC

LEADER 00000 a a2200000 04500
001 22957
003
040
090 |a 157600  
100 |a Morris, James A.  
110 |a CSUCA. Programa Centroamericano de Ciencias Sociales  
245 |a Factores de poder en la evolución política del campesinado hondureño /  |c James A. Morris 
260 |a San José  
300 |a 85-106 p  
500 |a Separata de la Revista Estudios sociales Centroamericanos  
700 |a Sánchez Soler, Marta  
999 |c 10970  |d 10970